[Event "POL-ch U18 Girls"]
[Site "Chotowa"]
[Date "2009.04.01"]
[Round "6"]
[White "Stepien, Teresa"]
[Black "Dabrowska, Kamila"]
[Result "1-0"]
[WhiteElo "1605"]
[BlackElo "1675"]
[PlyCount "159"]
[EventDate "2009.03.28"]
[EventType "swiss"]
[EventRounds "11"]
[EventCountry "POL"]
[SourceTitle "EXT 2011"]
[Source "ChessBase"]
[SourceDate "2010.11.26"]
[SourceVersion "1"]
[SourceVersionDate "2010.11.26"]
[SourceQuality "1"]

1. c4 e5 2. Nc3 Bb4 3. e3 Bxc3 4. bxc3 d6 5. Ne2 Ne7 6. d4 0-0 7. g3 Nbc6 8. Bg2 b6 9. Ba3 Rb8 10. 0-0 f6 11. Rb1 Ba6 12. dxe5 Nxe5 13. Rb4 Nxc4 14. Bd5+ Nxd5 15. Qxd5+ Kh8 16. Rxc4 Bxc4 17. Qxc4 Qd7 18. Nd4 Rfe8 19. Qb5 Qxb5 20. Nxb5 Rb7 21. Rd1 a6 22. Nd4 b5 23. Rb1 c5 24. Nc6 Rb6 25. Na5 Re4 26. c4 b4 27. Bb2 Kg8 28. Rd1 Kf7 29. Kg2 Ke7 30. Kf3 Re6 31. Nb3 Rb8 32. Rd3 Rb6 33. h4 a5 34. Nc1 a4 35. Ne2 a3 36. Nf4 axb2 37. Rb3 b1Q 38. Rxb1 Re5 39. Nd5+ Rxd5 40. cxd5 c4 41. Ke2 Kd7 42. e4 Kc7 43. Ke3 Kb7 44. Kd4 c3 45. Kd3 Ka6 46. Kc2 Kb5 47. a3 Kc4 48. Rb3 Rb5 49. axb4 Rxb4 50. Rxc3+ Kd4 51. f3 Ra4 52. Rd3+ Ke5 53. Kd2 f5 54. exf5 Kxf5 55. Ke3 g6 56. Rb3 Ke5 57. Rb7 Ra3+ 58. Kf2 h5 59. Rg7 Kf5 60. g4+ hxg4 61. fxg4+ Kxg4 62. Rxg6+ Kxh4 63. Rxd6 Kg5 64. Ke2 Kf5 65. Rh6 Ra7 66. Kd3 Ke5 67. Kc4 Rd7 68. Re6+ Kf5 69. Re8 Kf6 70. Kc5 Kf7 71. Re4 Ra7 72. d6 Ra5+ 73. Kb6 Ra1 74. d7 Rd1 75. Kc7 Rc1+ 76. Kd8 Rh1 77. Re8 Rh2 78. Kc7 Rc2+ 79. Kb6 Rb2+ 80. Kc5 1-0

[Event "POL-ch U18 Girls"]
[Site "Leba"]
[Date "2008.03.31"]
[Round "4"]
[White "Stepien, Teresa"]
[Black "Gorol, Magdalena"]
[Result "0-1"]
[WhiteElo "1537"]
[BlackElo "1835"]
[PlyCount "56"]
[EventDate "2008.03.29"]
[EventType "swiss"]
[EventRounds "11"]
[EventCountry "POL"]
[SourceTitle "CBM 123 Extra"]
[Source "ChessBase"]
[SourceDate "2008.05.06"]
[SourceVersion "1"]
[SourceVersionDate "2008.05.06"]
[SourceQuality "1"]

1. c4 e6 2. g3 d5 3. cxd5 exd5 4. d4 c6 5. Bg2 Bf5 6. Nf3 Nf6 7. 0-0 Bd6 8. Nc3 0-0 9. Bd2 Qb6 10. e3 Qxb2 11. Na4 Qc2 12. Nh4 Qxd1 13. Rfxd1 Bc2 14. Rdc1 Bxa4 15. Rab1 b6 16. Nf5 Rd8 17. Bb4 Bxb4 18. Rxb4 Bb5 19. a4 Na6 20. axb5 Nxb4 21. bxc6 Rac8 22. Ne7+ Kf8 23. Nxc8 Rxc8 24. c7 Ne8 25. Rb1 a5 26. Bf1 Rxc7 27. Kg2 Rc2 28. h4 Nd6 0-1

[Event "POL-ch U18 Girls"]
[Site "Leba"]
[Date "2008.03.29"]
[Round "1"]
[White "Stepien, Teresa"]
[Black "Raszkiewicz, Agnieszka"]
[Result "1-0"]
[WhiteElo "1537"]
[BlackElo "1835"]
[PlyCount "103"]
[EventDate "2008.03.29"]
[EventType "swiss"]
[EventRounds "11"]
[EventCountry "POL"]
[SourceTitle "CBM 123 Extra"]
[Source "ChessBase"]
[SourceDate "2008.05.06"]
[SourceVersion "1"]
[SourceVersionDate "2008.05.06"]
[SourceQuality "1"]

1. c4 c5 2. Nc3 Nf6 3. g3 g6 4. Bg2 Bg7 5. e3 Nc6 6. a3 Rb8 7. Nge2 b6 8. 0-0 Bb7 9. b3 0-0 10. Bb2 Ne5 11. d4 Bxg2 12. Kxg2 Nc6 13. d5 Na5 14. Qc2 a6 15. a4 Nb7 16. e4 Ng4 17. h3 Nh6 18. Nd1 f5 19. Bxg7 Kxg7 20. Nf4 fxe4 21. Qxe4 Nd6 22. Qe5+ Kg8 23. Re1 Rf7 24. g4 Qf8 25. Nd3 Qg7 26. Qxg7+ Rxg7 27. Ra2 Kf8 28. Nc3 Nhf7 29. a5 Nb7 30. axb6 a5 31. Rae2 Nfd6 32. Na4 Nc8 33. Naxc5 Nxb6 34. Ra2 Nxc5 35. Nxc5 a4 36. bxa4 Rc8 37. a5 Nxc4 38. Nxd7+ Ke8 39. Nb6 Nxb6 40. axb6 Rb8 41. Rb1 Kd7 42. b7 Rgg8 43. Ra6 Rgd8 44. Rc6 Ke8 45. Rb5 Rd7 46. Rc8+ Rd8 47. Rxb8 Rxb8 48. Kf3 Kd7 49. Ke4 Kd6 50. f4 Kc7 51. Ke5 Kd7 52. h4 1-0